Library education in Nigeria 1948-1986 (Record no. 1222)
[ view plain ]
| 000 -LEADER | |
|---|---|
| fixed length control field | 00459nam a2200109Ia 4500 |
| 008 - FIXED-LENGTH DATA ELEMENTS--GENERAL INFORMATION | |
| fixed length control field | 180412s9999||||xx |||||||||||||| ||und|| |
| 040 ## - CATALOGING SOURCE | |
| Original cataloging agency | Ahmadu Bello University Library - Zaria |
| 100 ## - MAIN ENTRY--PERSONAL NAME | |
| Personal name | AJAYI, John Olufemi |
| 245 #0 - TITLE STATEMENT | |
| Title | Library education in Nigeria 1948-1986 |
| Statement of responsibility, etc. | John Olufemi Ajayi, Moses Adekunle Omoniwa. |
| 260 ## - PUBLICATION, DISTRIBUTION, ETC. | |
| Place of publication, distribution, etc. | Zaria. |
| Name of publisher, distributor, etc. | A. B. U. |
| Date of publication, distribution, etc. | 1987 |
| 300 ## - PHYSICAL DESCRIPTION | |
| Extent | 81p. |
| 600 ## - SUBJECT ADDED ENTRY--PERSONAL NAME | |
| Personal name | Librarianship; organization, buildings, administration, etc.Divide by Table 2. Education and Training. Nigeria. |
No items available.